Il nuovo disordine amoroso

שמור ב:
מידע ביבליוגרפי
מחבר ראשי: Bruckner Pascal
פורמט: ספר
שפה:שפה לא ידועה
יצא לאור: Milano Garzanti 1979
תגים: הוספת תג
אין תגיות, היה/י הראשונ/ה לתייג את הרשומה!

MARC

LEADER 00000nam a2200000Ia 4500
001 239
003 NUMERAZIONE-ORIGINALE-BRESCIA
005 20260206230750.0
008 260206s9999 xx 000 0 und d
100 |a Bruckner Pascal 
245 0 |a Il nuovo disordine amoroso 
260 |a Milano 
260 |b Garzanti 
260 |c 1979 
500 |a Saggi blu 
942 |2 ddc  |c BK  |n 0 
952 |0 0  |1 0  |2 ddc  |4 0  |6 12  |7 0  |9 28439  |a BS  |b BS  |d 2026-02-06  |i 239  |l 0  |o 1-2-*  |r 2026-02-06 22:40:35  |w 2026-02-06  |x [REVISIONARE]  |y BK 
999 |c 24120  |d 24120